• 首页
  • 本馆介绍
  • 公告通知
  • 最新文献
  • 馆藏检索
  • 电子资源
  • 读者导购
  • 参考咨询
  • 我的图书馆
  • 登录
  • 详细信息显示
  • 放入我的书架
  • 预约/预借图书
  • 作者相关作品
  • 分类相关作品
  • 丛书相关作品
  • 出版社相关作品

书目信息

  • 表格格式
  • 工作单格式
  • 卡片格式
题名:
非礼春秋
    
 
作者: 吴工平 著
分册:  
出版信息: 长春   吉林人民出版社  2013.12
页数: 272页
开本: 21cm
丛书名:
单 册:
中图分类: K225.03-53
科图分类:
主题词: 文化史--Wen Hua Shi--中国--春秋时代--文集 , 中国--Zhong Guo , 文集--Wen Ji
电子资源:
ISBN: 978-7-206-10169-4
000 00666nam0 22002411 450
001 349711
005 20161010152915.48
010    @a978-7-206-10169-4@dCNY28.00
100    @a20131217d2013 em y0chiy50 ea
101 0  @achi
102    @aCN@b220000
105    @ay z 000yy
106    @ar
200 1  @a 非礼春秋@AFei Li Chun Qiu@f吴工平著
210    @a长春@c吉林人民出版社@d2013.12
215    @a272页@d21cm
606 0  @a文化史@AWen Hua Shi@y中国@z春秋时代@j文集
606 0  @a中国@AZhong Guo
606 0  @a文集@AWen Ji
690    @aK225.03-53@v5
701  0 @a吴工平@AWu Gong Ping@4著
801  0 @aCN@bTANGWEI@20160730
905    @b0886380-4@dK225.03-53@e41@f5
    
     非礼春秋/吴工平著.-长春:吉林人民出版社,2013.12
    272页;21cm
    
    
    ISBN 978-7-206-10169-4:CNY28.00
    
●
相关链接 在E读中查询图书 在五车中查询图书 在当当中查询图书 在豆瓣中查询图书


正题名:非礼春秋     索取号:K225.03-53/41         预约/预借

序号 登录号 条形码 馆藏地/架位号 状态 备注
1 0886380   208863808   第二样本阅览室/ [索取号:K225.03-53/41] 在馆    
2 0886381   208863817   第二借阅区/ [索取号:K225.03-53/41] 在馆    
3 0886382   208863826   第二借阅区/ [索取号:K225.03-53/41] 在馆    
4 0886383   208863835   第二借阅区/ [索取号:K225.03-53/41] 在馆    
5 0886384   208863844   第二借阅区/ [索取号:K225.03-53/41] 在馆    
唐山师范学院图书馆 欢迎您!
大连网信软件有限公司© 版权所有